Sports Quiz

Random Sports or MLB Quiz

MLB Leaders: Top 10 in Situational WAR (1960s) Quiz Stats

 Plays Quiz not verified by Sporcle

Support Sporcle.
Go Orange.
Score 0/206 Timer 20:00
0 Plays Today
WAR Pos Player % Correct
1962 American LeagueBrooks Robinson
97.4%
1966 National LeagueWillie Mays
97.4%
1963 National LeagueWillie Mays
97.4%
1960 National LeagueFrank Robinson
97.4%
1964 American LeagueBrooks Robinson
97.4%
1962 National LeagueWillie Mays
97.4%
1965 National LeagueWillie Mays
97.4%
1962 National LeagueFrank Robinson
97.4%
1964 National LeagueFrank Robinson
97.4%
1960 National LeagueWillie Mays
97.4%
1961 National LeagueFrank Robinson
97.4%
1967 American LeagueBrooks Robinson
97.4%
1966 American LeagueFrank Robinson
97.4%
1964 National LeagueWillie Mays
97.4%
1961 National LeagueWillie Mays
97.4%
1968 National LeagueWillie Mays
97.4%
1968 American LeagueBrooks Robinson
97.4%
1969 American LeagueFrank Robinson
97.4%
1960 American LeagueBrooks Robinson
97.4%
1963 American LeagueCarl Yastrzemski
96.8%
1967 American LeagueCarl Yastrzemski
96.8%
1966 American LeagueCarl Yastrzemski
96.8%
1969 American LeagueReggie Jackson
96.8%
1960 National LeagueLarry Jackson
96.8%
1968 American LeagueCarl Yastrzemski
96.8%
1964 National LeagueLarry Jackson
96.8%
1961 American LeagueMickey Mantle
96.1%
1960 American LeagueMickey Mantle
96.1%
1962 American LeagueMickey Mantle
96.1%
1961 American LeagueRoger Maris
95.5%
1960 American LeagueRoger Maris
95.5%
1963 National LeagueHank Aaron
94.8%
1962 National LeagueHank Aaron
94.8%
1965 National LeagueHank Aaron
94.8%
1961 National LeagueHank Aaron
94.8%
1967 National LeagueHank Aaron
94.8%
1969 National LeagueHank Aaron
94.8%
1968 National LeagueHank Aaron
94.8%
1968 National LeagueBob Gibson
94.2%
1969 National LeagueBob Gibson
94.2%
1962 National LeagueBob Gibson
94.2%
1966 National LeagueBob Gibson
94.2%
1965 American LeagueHarmon Killebrew
93.5%
1964 American LeagueHarmon Killebrew
93.5%
1967 American LeagueHarmon Killebrew
93.5%
1966 American LeagueHarmon Killebrew
93.5%
1968 National LeagueWillie McCovey
93.5%
1969 National LeagueWillie McCovey
93.5%
1960 National LeagueErnie Banks
93.5%
1967 National LeagueRoberto Clemente
92.3%
1965 National LeagueSandy Koufax
92.3%
1963 National LeagueSandy Koufax
92.3%
1966 National LeagueSandy Koufax
92.3%
1967 National LeagueRon Santo
92.3%
1966 National LeagueRoberto Clemente
92.3%
1965 National LeagueRon Santo
92.3%
1965 National LeagueBilly Williams
92.3%
1966 National LeagueRon Santo
92.3%
1964 National LeagueSandy Koufax
92.3%
1964 National LeagueRon Santo
92.3%
1968 National LeagueRoberto Clemente
92.3%
1969 National LeagueRoberto Clemente
92.3%
1963 American LeagueAl Kaline
91.6%
1967 American LeagueAl Kaline
91.6%
1961 American LeagueAl Kaline
91.6%
1963 National LeagueEddie Mathews
91%
1960 National LeagueEddie Mathews
91%
1961 National LeagueEddie Mathews
91%
1966 National LeagueJuan Marichal
90.3%
WAR Pos Player % Correct
1965 National LeagueJuan Marichal
90.3%
1963 National LeagueJuan Marichal
90.3%
1964 National LeagueJuan Marichal
90.3%
1969 National LeagueJuan Marichal
90.3%
1967 National LeagueTom Seaver
89.7%
1968 National LeagueTom Seaver
89.7%
1969 National LeagueTom Seaver
89.7%
1963 American LeagueElston Howard
89.7%
1960 National LeagueDon Drysdale
88.4%
1964 National LeagueDon Drysdale
88.4%
1961 American LeagueNorm Cash
87.7%
1967 National LeagueOrlando Cepeda
87.1%
1968 American LeagueDenny McLain
86.5%
1969 American LeagueDenny McLain
86.5%
1969 National LeagueFerguson Jenkins
84.5%
1968 National LeagueFerguson Jenkins
84.5%
1966 National LeagueDick Allen
81.9%
1964 National LeagueDick Allen
81.9%
1961 American LeagueRocky Colavito
81.3%
1962 American LeagueRocky Colavito
81.3%
1967 National LeagueGaylord Perry
80.6%
1969 National LeagueGaylord Perry
80.6%
1969 American LeagueJim Perry
80.6%
1966 American LeagueTony Oliva
78.1%
1969 American LeagueSal Bando
78.1%
1964 American LeagueWhitey Ford
77.4%
1968 National LeagueLou Brock
76.8%
1968 American LeagueLuis Tiant
76.8%
1964 American LeagueBoog Powell
76.1%
1969 American LeagueRico Petrocelli
76.1%
1962 National LeagueTommy Davis
75.5%
1964 National LeagueWillie Davis
75.5%
1968 American LeagueTommy John
75.5%
1960 American LeagueLuis Aparicio
72.3%
1967 National LeagueJim Bunning
71.6%
1962 American LeagueJim Bunning
71.6%
1960 American LeagueJim Bunning
71.6%
1965 National LeagueJim Bunning
71.6%
1966 National LeagueJim Bunning
71.6%
1966 National LeagueJoe Torre
71.6%
1965 National LeagueJim Wynn
69.7%
1962 American LeagueJim Kaat
69.7%
1966 American LeagueJim Kaat
69.7%
1963 National LeagueBill White
69.7%
1968 American LeagueBill Freehan
69%
1967 American LeagueBill Freehan
69%
1969 American LeagueReggie Smith
67.7%
1966 American LeagueSam McDowell
67.1%
1960 National LeagueVada Pinson
67.1%
1961 National LeagueVada Pinson
67.1%
1968 National LeagueJerry Koosman
67.1%
1969 American LeagueSam McDowell
67.1%
1968 American LeagueSam McDowell
67.1%
1965 American LeagueSam McDowell
67.1%
1966 American LeagueJim Fregosi
65.2%
1964 American LeagueJim Fregosi
65.2%
1965 American LeagueJim Fregosi
65.2%
1967 American LeagueJim Fregosi
65.2%
1961 National LeagueKen Boyer
65.2%
1963 National LeagueWarren Spahn
64.5%
1960 American LeagueNellie Fox
63.9%
1965 American LeagueZoilo Versalles
63.2%
1966 National LeagueFelipe Alou
61.3%
1964 American LeagueDean Chance
61.3%
1968 National LeagueFelipe Alou
61.3%
1962 National LeagueMaury Wills
61.3%
1967 American LeagueDean Chance
61.3%
1969 National LeagueLarry Dierker
59.4%
1966 American LeagueEarl Wilson
58.7%
WAR Pos Player % Correct
1968 American LeagueMel Stottlemyre
58.7%
1969 American LeagueMel Stottlemyre
58.7%
1965 American LeagueMel Stottlemyre
58.7%
1962 American LeagueBobby Allison
58.1%
1963 American LeagueBobby Allison
58.1%
1968 American LeagueDave McNally
58.1%
1961 American LeagueJim Gentile
54.8%
1968 American LeagueBert Campaneris
53.5%
1960 National LeagueDick Groat
52.9%
1963 National LeagueDick Groat
52.9%
1967 American LeaguePaul Blair
51%
1963 National LeagueJohnny Callison
49%
1962 National LeagueJohnny Callison
49%
1965 National LeagueJim Maloney
45.2%
1966 American LeagueTommie Agee
43.2%
1968 American LeagueHawk Harrelson
43.2%
1966 American LeagueDick McAuliffe
42.6%
1962 American LeagueCamilo Pascual
42.6%
1963 American LeagueCamilo Pascual
42.6%
1963 American LeagueGary Peters
42.6%
1960 American LeagueMoose Skowron
34.2%
1967 American LeagueJoe Horlen
32.9%
1965 American LeagueDon Buford
32.3%
1969 National LeagueBill Hands
32.3%
1965 National LeagueChris Short
31.6%
1963 American LeagueDick Radatz
31.6%
1964 American LeagueDick Radatz
31.6%
1960 National LeagueErnie Broglio
30.3%
1963 American LeagueJim Bouton
30.3%
1960 American LeagueFrank Lary
29%
1961 American LeagueFrank Lary
29%
1968 American LeagueMickey Stanley
27.7%
1962 National LeagueJoey Jay
27.1%
1967 National LeagueGary Nolan
27.1%
1961 National LeagueJoey Jay
27.1%
1962 National LeagueBob Purkey
26.5%
1965 American LeagueBob Lee
25.8%
1964 National LeagueJim O'Toole
25.2%
1961 National LeagueJim O'Toole
25.2%
1968 American LeagueStan Bahnsen
24.5%
1964 American LeagueRon Hansen
23.9%
1965 American LeagueStu Miller
23.9%
1960 American LeagueRon Hansen
23.9%
1963 National LeagueDick Ellsworth
23.2%
1964 American LeaguePete Ward
21.3%
1969 American LeagueMike Epstein
20%
1960 American LeaguePete Runnels
18.1%
1960 National LeagueLindy McDaniel
17.4%
1962 National LeagueTurk Farrell
17.4%
1967 National LeagueGene Alley
17.4%
1967 American LeagueDave Boswell
17.4%
1961 National LeagueJohnny Roseboro
16.1%
1963 American LeagueAlbie Pearson
16.1%
1965 American LeagueEddie Fisher
15.5%
1962 American LeagueHank Aguirre
14.8%
1962 National LeagueJim Davenport
14.8%
1961 American LeagueJuan Pizarro
12.9%
1963 American LeagueJuan Pizarro
12.9%
1967 National LeagueTed Abernathy
12.3%
1961 American LeagueDon Mossi
11%
1961 American LeagueJack Kralick
8.4%
1965 American LeaguePete Richert
7.7%
1962 American LeagueEd Charles
7.7%
1964 American LeagueDon Lock
7.1%
1960 American LeagueRay Herbert
6.5%
1962 American LeagueRay Herbert
6.5%
1967 American LeagueSteve Hargan
5.8%
1961 National LeagueDon Cardwell
4.5%

You're not logged in!

Compare scores with friends on all Sporcle quizzes.
OR
Log In

From the Vault

Top 20 Cities of Norway on a Map

by NO_r_WAY

A Norway joke? We won't go Oslo as that.
Remove Ads.
Support Sporcle.
Get the best of Sporcle when you Go Orange. This ad-free experience offers more features, more stats, and more fun while also helping to support Sporcle. Thank you for becoming a member.

Show Comments

Extras

Top Quizzes Today


Score Distribution

Your Account Isn't Verified!

In order to create a playlist on Sporcle, you need to verify the email address you used during registration. Go to your Sporcle Settings to finish the process.

Report this User

Report this user for behavior that violates our Community Guidelines.

Details: